000 00722nam a22002057a 4500
005 20140417120938.0
010 _aB-506692-696
020 _a9789322008062
_c350.00
035 _aB-506692-696
037 _adpl
_bBSB/Ven
082 _a364.168
100 _aDebroy, Bibek
245 _aCorruption in India:
_bthe DNA and the RNA/
_cby Bibek Debroy & Laveesh Bhandari
260 _aNew Delhi
_bKonark Publishers
_c2012
270 _a206, First Floor, Peacock Lane, Shahpur Jat
_bNew Delhi
_e110049
300 _a193p.:
_bill.
_c21cm(pbk)
700 _dBhandari, Laveesh
942 _2ddc
_cEN
_h364.168
_mDEB
999 _c83590
_d83590